000 00749nam a2200229 a 4500
999 _c5686
_d5686
001 5686
003 BD-JhCC
005 20200412134008.0
008 171219s2012 bg |||| ||a| 000 0 ben d
020 _a9789845060523
035 _a(BD-JhCC)5686
040 _aBD-JhCC
_dBD-JhCC
041 _aben
082 _a891.443
_bELI 2012
100 _aইলিয়াস, আখতারুজ্জামান
245 _aচিলকোঠার সেপাই /
_cআখতারুজ্জামান ইলিয়াস
260 _aঢাকা :
_bদি ইনিভার্সিটি প্রেস,২০১২
_c২০১২.
300 _a304 p. :
_c21 cm.
650 _aBengali novel
942 _2ddc
_cBK
_02